Cartoons From the '90s Quiz Stats

 Plays Quiz Updated Nov 2, 2018

Also try: Cartoons II
Challenge
Share
Tweet
Score 0/48 Timer 07:00
2 Plays Today
% Correct
Batman: The Animated Series
95.8%
Rugrats
95.6%
Sonic The Hedgehog
91.8%
Pokémon
91.5%
Beavis and Butthead
86.3%
Powerpuff Girls
83.8%
Dexter's Laboratory
79.7%
Ren and Stimpy
78.9%
Doug
77.9%
King of the Hill
77.4%
Johnny Bravo
75%
Animaniacs
73.1%
Beetlejuice
67.4%
The Magic School Bus
65.5%
Sailor Moon
60.7%
Captain Planet...
56.9%
Cow and Chicken
56.3%
X-Men
53.7%
Darkwing Duck
53%
Rocko's Modern Life
52.5%
Daria
51.7%
Angry Beavers
50.4%
The Tick
49.2%
Gargoyles
47%
% Correct
Aaahh!!! Real Monsters
44.2%
Tiny Toon Adventures
42.1%
Earthworm Jim
35.9%
Space Ghost Coast to Coast
33.2%
Goof Troop
32.7%
Taz-Mania
29.1%
Bobby's World
28.4%
Talespin
28%
Freakazoid!
26.7%
The Critic
25.3%
Duckula
19.4%
2 Stupid Dogs
18.3%
Biker Mice from Mars
13.5%
ReBoot
13.2%
Dr. Katz...
12.8%
Bonkers
11.1%
Double Dragon
10%
Life with Louie
10%
Aeon Flux
9.1%
Beast Wars: Transformers
8.7%
Duckman
8.4%
Bucky O'Hare...
5.7%
The Maxx
3.9%
Exosquad
1.5%

You're not logged in!

Compare scores with friends on all Sporcle quizzes.
OR
Log In

You Might Also Like...

Show Comments

Extras

Top Quizzes Today


Score Distribution

Your Account Isn't Verified!

In order to create a playlist on Sporcle, you need to verify the email address you used during registration. Go to your Sporcle Settings to finish the process.

Report this User

Report this user for behavior that violates our Community Guidelines.

Details: